Statistics for Capitals Starting and Ending with a Vowel

Click here to take the quiz!

General Stats

  • This quiz has been taken 375 times
  • The average score is 10 of 13

Answer Stats

Capital% Correct
Oslo
85%
Abuja
83%
Accra
81%
Ottawa
80%
Addis Abeba
77%
Asmara
77%
Ankara
76%
Apia
73%
Astana
73%
Andorra la Vella
71%
Abu Dhabi
70%
Antananarivo
68%
Ouagadougou
63%

Score Distribution

Percentile by Number Answered

Percent of People with Each Score

Your Score History

You have not taken this quiz